000 00932nam a2200205 i 4500
001 154268
003 ES-MaACL
005 20250815133009.0
008 991201s1859 sp |||| | spa d
040 _aCCPB | B
_bspa
_cCCPB | B
100 1 _aGato de Lema, Nicolás.
_9127259
245 1 0 _aDiscursos leídos ante la Real Academia de Nobles de San Fernando en la recepción pública de don Nicolás Gato de Lema
_b: [tema, el paisaje] /
_c[contestación por el Excmo. Sr. Marqués de Molins].
260 _aMadrid :
_b[s.n.],
_c1859 (
_fM. Rivadeneyra)
300 _a58 p. ;
_c26 cm.
650 7 _aPintura de paisaje
_2embne
_916028
700 1 _aMolíns, Mariano Roca de Togores,
_cMarqués de,
_d1812-1889
_9130033
710 2 _aReal Academia de Nobles Artes de San Fernando.
_96332
852 _aES-MaACL
_jF-M-III-N(II)
_z- Enc. hol., falto de la cub. original
_z- Enc. en un vol. facticio
999 _c154268
_d154268